| 000 | 00389nam a2200145Ia 4500 | ||
|---|---|---|---|
| 005 | 20250729165728.0 | ||
| 008 | 250729s2012 xx 000 0 und d | ||
| 041 | _aeng | ||
| 082 | _a420.25 GOVE | ||
| 100 |
_aGovt of Karnataka _9231561 |
||
| 245 | _aEnglish 2nd Language - 8th Std | ||
| 260 |
_aBangalore _bKarnataka Text Book Socity _c2012 |
||
| 300 | _a152p | ||
| 650 |
_aEnglish _9231562 |
||
| 999 |
_c239343 _d239343 |
||